000 01416cam a2200421 a 4500
999 _c678
_d678
001 18977979
003 OSt
005 20191014150933.0
008 160217r20081999enkab j 000 0 eng
010 _a 2015509372
015 _aGBA885481
_2bnb
016 7 _a014662092
_2Uk
020 _a9780439944533
_q(pbk.)
020 _a0439944538
_q(pbk.)
020 _a9781407135182
_cbox set
035 _a(OCoLC)ocn233788068
040 _aUKM
_beng
_cUKM
_dBTCTA
_dYDXCP
_dOCLCF
_dOCLCO
_dOCLCQ
_dDLC
042 _alccopycat
082 0 4 _a551.5 GAN
_222
100 1 _aGaneri, Anita,
_d1961-
_eauthor
245 1 0 _aStormy weather /
_cAnita Ganeri ; illustrated by Mike Phillips.
260 _aLondon :
_bScholastic,
_c2008.
300 _a160 pages :
_billustrations, maps ;
_c20 cm.
336 _atext
_btxt
_2rdacontent
337 _aunmediated
_bn
_2rdamedia
338 _avolume
_bnc
_2rdacarrier
440 _aHorrible geography.
500 _aOriginally published: London: Hippo, 1999.
650 0 _aWeather
_vJuvenile literature.
650 0 _aWeather
_vJuvenile humor.
650 7 _aWeather.
_2fast
_0(OCoLC)fst01173087
655 7 _aHumor.
_2fast
_0(OCoLC)fst01423696
655 7 _aJuvenile works.
_2fast
_0(OCoLC)fst01411637
700 1 _aPhillips, Mike,
_d1961-
_eIllustrator
906 _a7
_bcbc
_ccopycat
_d2
_encip
_f20
_gy-gencatlg
942 _2ddc
_cNFIC